000 00729nam a2200241 i 4500
001 17804
003 ES-MaACL
005 20230906151658.0
007 t|
008 010529s2001 sp ||||1| spa d
020 _a84-8306-377-8
080 _a929 Mendel, Gregor
100 1 _aHenig, Robin Marantz.
_962538
245 1 3 _aEl monje en el huerto
_b: la vida y el genio de Gregor Mendel, padre de la genética /
_cRobin Marantz Henig.
250 _a1ª ed.
260 _aMadrid :
_bDebate,
_c2001.
300 _a287 p. ;
_c24 cm.
490 1 _aPequeña gran historia
600 1 4 _aMendel, Gregor.
_980096
830 0 _aPequeña gran historia
_9179734
852 _aES-MaACL
_jL-24715
_bR.130086
999 _c17804
_d17804